Fundamentos físico-químicos de la técnica oleícola... / (Record no. 99815)

MARC details
000 -LEADER
campo de control de longitud fija 00839nam a2200217 i 4500
001 - NÚMERO DE CONTROL
campo de control 99815
003 - IDENTIFICADOR DE NÚMERO DE CONTROL
campo de control ES-MaACL
005 - FECHA Y HORA DE LA ÚLTIMA TRANSACCIÓN
campo de control 20251003063116.0
007 - CAMPO FIJO DE DESCRIPCIÓN FÍSICA--INFORMACIÓN GENERAL
campo de control de longitud fija t|
008 - DATOS DE LONGITUD FIJA--INFORMACIÓN GENERAL
campo de control de longitud fija 050919s1972 sp ||||1| spa d
080 ## - NÚMERO DE LA CLASIFICACIÓN DECIMAL UNIVERSAL
Número de la Clasificación Decimal Universal 665.327.3
100 1# - ENTRADA PRINCIPAL--NOMBRE DE PERSONA
Nombre de persona Martínez Moreno, Juan Manuel,
Fechas asociadas al nombre 1919-1998
9 (RLIN) 150592
245 10 - MENCIÓN DEL TÍTULO
Título Fundamentos físico-químicos de la técnica oleícola... /
Mención de responsabilidad, etc. Juan M. Martínez Moreno.
260 ## - PUBLICACIÓN, DISTRIBUCIÓN, ETC.
Lugar de publicación, distribución, etc. Madrid :
Nombre del editor, distribuidor, etc. Patronato Juan de la Cierva,
Fecha de publicación, distribución, etc. 1972.
300 ## - DESCRIPCIÓN FÍSICA
Extensión XXVII, 575 p. :
Otras características físicas il. ;
Dimensiones 24 cm.
490 1# - MENCIÓN DE SERIE
Mención de serie Consejo Superior de Investigaciones Científicas. Manuales de ciencia actual ;
Designación de volumen o secuencia 5
650 ## - PUNTO DE ACCESO ADICIONAL DE MATERIA--TÉRMINO DE MATERIA
Término de materia o nombre geográfico como elemento de entrada Aceite de oliva-
Subdivisión general Elaboración.
9 (RLIN) 171210
830 1# - PUNTO DE ACCESO ADICIONAL DE SERIE-TÍTULO UNIFORME
Título uniforme Consejo Superior de Investigaciones Científicas. Manuales de ciencia actual ;
Designación de volumen o secuencia 5
9 (RLIN) 232414
852 ## - LOCALIZACIÓN
Ubicación ES-MaACL
Número de control de estantería C-55173
Holdings
Estatus retirado Estado de pérdida Estado de daño No para préstamo Biblioteca de origen Biblioteca actual Ubicación en estantería Fecha de adquisición Fuente de adquisición Total de préstamos Signatura topográfica completa Código de barras Visto por última vez Precio de reemplazo Tipo de ítem Koha
        Biblioteca del Ateneo de Madrid Biblioteca del Ateneo de Madrid Depósito 2 17/01/2008     C-55173 1104222 23/02/2023 23/02/2023 Libro impreso